Music Quiz

Random Music or Artist Quiz

Bands & Musicians by Song: 'R' Quiz Stats

 Plays Quiz Updated Jun 8, 2018

Challenge
Share
Tweet
Score 0/20 Timer 05:00
2 Plays Today
% Correct
Redding, Otis - The Dock Of The Bay
85.5%
Rihanna - Diamonds
85.3%
Richie, Lionel - All Night Long
82.6%
Rolling Stones - Paint It Black
81.5%
R.E.M. - Losing My Religion
80.9%
Right Said Fred - I'm Too Sexy
80%
The Ramones - Blitzkrieg Bop
77.2%
Rogers, Kenny - Islands in the Stream
72.9%
Radiohead - Creep
70.9%
Red Hot Chili Peppers - Under The Bridge
70.6%
% Correct
Run D.M.C. - It's Tricky
70.1%
Ross, Diana - Upside Down
67.8%
Rae Sremmurd - Black Beatles
66.9%
Roxette - Listen to Your Heart
65.3%
REO Speedwagon - Can't Fight This Feeling
65.3%
Rage Against The Machine - Killing in the Name
62.4%
Rammstein - Du Hast
61.5%
Reed, Lou - Perfect Day
57.4%
Robyn - Show Me Love
53.8%
The Rembrandts - I'll Be There For You
48.8%

You're not logged in!

Compare scores with friends on all Sporcle quizzes.
Join for Free
OR
Log In

You Might Also Like...

Show Comments

Extras

Top Quizzes Today


Score Distribution

Your Account Isn't Verified!

In order to create a playlist on Sporcle, you need to verify the email address you used during registration. Go to your Sporcle Settings to finish the process.

Report this User

Report this user for behavior that violates our Community Guidelines.

Details: